000 00579nam a2200181 a 4500
005 20230304063622.0
008 010731s1985 r 000 0 eng d
020 _a968837430X
035 _aUPN01000110268
049 _aCG
050 4 _aHD1792
_bF8.3
245 0 0 _aFuentes para la historia de la crisis agrícola (1809-1811) /
_cselec. documental Enrique Florescano.
260 _aMéxico :
_bUNAM,
_c1985.
300 _a333 p.
650 4 _aAgricultura
_xAspectos económicos
_zMéxico
_xHistoria
_915025
700 1 _aFlorescano, Enrique,
_d1937-
_ecomp.
_927909
905 _aLibro
999 _c84177
_d84177